Los fabricantes de armas / (Record no. 141462)

MARC details
000 -LEADER
campo de control de longitud fija 00486nam a2200169 i 4500
001 - NÚMERO DE CONTROL
campo de control 141462
003 - IDENTIFICADOR DE NÚMERO DE CONTROL
campo de control ES-MaACL
005 - FECHA Y HORA DE LA ÚLTIMA TRANSACCIÓN
campo de control 20230906200310.0
007 - CAMPO FIJO DE DESCRIPCIÓN FÍSICA--INFORMACIÓN GENERAL
campo de control de longitud fija t|
008 - DATOS DE LONGITUD FIJA--INFORMACIÓN GENERAL
campo de control de longitud fija 070924s1969 sp ||||1| spa d
100 1# - ENTRADA PRINCIPAL--NOMBRE DE PERSONA
Nombre de persona Vogt, A. E. van.
9 (RLIN) 115660
245 14 - MENCIÓN DEL TÍTULO
Título Los fabricantes de armas /
Mención de responsabilidad, etc. A. E. van Vogt ; traducción de Luis Vigil.
260 ## - PUBLICACIÓN, DISTRIBUCIÓN, ETC.
Lugar de publicación, distribución, etc. Barcelona :
Nombre del editor, distribuidor, etc. EDHASA,
Fecha de publicación, distribución, etc. [1969]
300 ## - DESCRIPCIÓN FÍSICA
Extensión 200 p. ;
Dimensiones 19 cm.
700 1# - ENTRADA AGREGADA--NOMBRE PERSONAL
Nombre de persona Vigil, Luis.
9 (RLIN) 114628
852 ## - LOCALIZACIÓN
Ubicación ES-MaACL
Número de control de estantería C-40089
Sublocalización o colección R.71958
Holdings
Estatus retirado Estado de pérdida Estado de daño No para préstamo Biblioteca de origen Biblioteca actual Ubicación en estantería Fecha de adquisición Fuente de adquisición Total de préstamos Signatura topográfica completa Código de barras Visto por última vez Precio de reemplazo Tipo de ítem Koha
        Biblioteca del Ateneo de Madrid Biblioteca del Ateneo de Madrid Depósito 2 17/01/2008     C-40089 1147195 23/02/2023 23/02/2023 Libro impreso